[Event "Euro Online U2300 Day 2"]
[Site "chess.com INT"]
[Date "2020.05.26"]
[Round "2"]
[White "Aliakbarov, Anar"]
[Black "Bruil, Rembrandt"]
[Result "0-1"]
[WhiteTitle "FM"]
[BlackTitle "CM"]
[WhiteElo "2219"]
[BlackElo "2105"]
[WhiteFideId "13401858"]
[BlackFideId "1053590"]
[EventDate "2020.05.26"]

1. d4 d6 2. c4 g6 3. e4 Bg7 4. Nf3 Bg4 5. Be2 Nd7 6. Nbd2 c6 7. h3 Bxf3 8. Nxf3
Qc7 9. O-O Ngf6 10. Qc2 O-O 11. Rd1 e5 12. dxe5 dxe5 13. b3 Rfe8 14. Bb2 c5 15.
Nd2 Nb8 16. Nf1 Nc6 17. Ne3 Nd4 18. Qd3 Rad8 19. Nd5 Nxd5 20. cxd5 a5 21. Rdc1
b6 22. Bf1 Bh6 23. Rd1 Rc8 24. g3 Qb7 25. Bg2 b5 26. Bxd4 cxd4 27. Bf1 b4 28.
Qb5 Qxb5 29. Bxb5 Red8 30. Bc6 f5 31. exf5 gxf5 32. f4 exf4 33. gxf4 Bxf4 34.
Kg2 Be3 35. Kf3 Kf7 36. Re1 Rg8 37. Re2 Kf6 38. Rh1 f4 39. Ke4 Rc7 40. Rhh2 Re7+
41. Kd3 f3 42. Re1 f2 43. Rf1 Rg1 44. Rhxf2+ Bxf2 45. Rxf2+ Ke5 46. Re2+ Kd6 47.
Rd2 Rg3+ 48. Kxd4 Rxh3 49. Rf2 Rg7 50. Rf6+ Ke7 51. Rf4 h5 52. Kc5 Rc3+ 53. Kb5
Kd6 54. Rf6+ Ke5 55. Re6+ Kd4 56. Kxa5 h4 57. Kxb4 Rcg3 58. d6 Rg8 59. d7 Rd8
60. Re8 Rg8 61. Rxg8 Rxg8 62. a4 Rb8+ 63. Ka5 Kc5 64. Bh1 Kd6 65. b4 Kxd7 66. b5
Kc7 67. Kb4 Rg8 68. a5 h3 69. b6+ Kd6 70. a6 Rg4+ 71. Kb3 Rg3+ 72. Kb2 Rg2+ 73.
Kc3 Kc6 74. b7 Kc7 75. Kb4 Kb8 76. Kb5 Rb2+ 77. Kc6 h2 78. Kd6 Rb1 79. a7+ Kxa7
80. Kc7 Rc1+ 81. Kd7 Rxh1 82. Kc8 Rc1+ 0-1

[Event "Euro Online U2300 Day 2"]
[Site "chess.com INT"]
[Date "2020.05.26"]
[Round "2"]
[White "Godzwon, Iwo"]
[Black "Lisin, Egor"]
[Result "1/2-1/2"]
[WhiteTitle "FM"]
[WhiteElo "2347"]
[BlackElo "1943"]
[WhiteFideId "21802483"]
[BlackFideId "34147257"]
[EventDate "2020.05.26"]

1. e4 d5 2. exd5 Nf6 3. d4 Nxd5 4. Nf3 Bg4 5. c4 Nb6 6. c5 N6d7 7. Bc4 e6 8. Nc3
Nc6 9. Be3 Be7 10. h3 Bh5 11. O-O O-O 12. Be2 Nf6 13. Qa4 Nd5 14. Rad1 Nxe3 15.
fxe3 Bg5 16. Nxg5 Qxg5 17. Bxh5 Qxh5 18. b4 Qg5 19. Rf3 a6 20. Qb3 Ne7 21. Rdf1
Nd5 22. e4 Nxc3 23. Qxc3 Rad8 24. Rg3 Qh6 25. Rg4 Rd7 26. e5 f5 27. exf6 Rxf6
28. Re1 Rf4 29. Re4 Rxg4 30. Rxg4 Qf6 31. Re4 h6 32. a3 Kf8 33. Qe3 g5 34. Rxe6
Qxd4 35. Qxd4 Rxd4 36. Rxh6 a5 37. bxa5 Ra4 38. a6 bxa6 39. Rc6 Rxa3 40. Rxc7
Rc3 41. Kh2 a5 42. c6 a4 43. Rc8+ Kg7 44. c7 a3 45. Ra8 Rxc7 46. Rxa3 Rc6 47.
Ra5 Kg6 48. Kg3 Rc3+ 49. Kh2 Rc6 50. Rd5 Ra6 51. Re5 Rc6 52. Kg3 Rc3+ 53. Kg4
Rc4+ 54. Kf3 Rc3+ 55. Re3 Rc6 56. Ra3 Rb6 57. Ra4 Rc6 58. Kg4 Rb6 59. Rc4 Ra6
60. Rd4 Rb6 61. Re4 Rc6 62. Ra4 Rb6 63. g3 Rc6 64. Rd4 Rb6 65. Kf3 Rf6+ 66. Ke4
Re6+ 67. Kd3 Rf6 68. Ke3 Re6+ 69. Re4 Rb6 70. Kf3 Rb3+ 71. Kg4 Rb6 72. Ra4 Rc6
73. h4 gxh4 74. Kxh4 Rd6 75. Ra5 Rc6 76. g4 Rd6 77. Rg5+ Kh7 78. Rh5+ Kg7 79.
Rf5 Ra6 80. Kg5 Rb6 81. Re5 Rb7 82. Kh5 Rc7 83. g5 Rd7 84. Rf5 Rb7 85. Rf6 Rc7
86. Rg6+ Kh8 87. Ra6 Kg7 88. Rg6+ Kh8 89. Re6 Kg7 90. Re5 Rb7 91. Ra5 Rc7 92. g6
Rd7 93. Kg5 Rc7 94. Rf5 Rb7 95. Rc5 Ra7 96. Rf5 Rb7 97. Rf7+ Rxf7 98. gxf7 Kxf7 1/2-1/2

[Event "Euro Online U2300 Day 2"]
[Site "chess.com INT"]
[Date "2020.05.26"]
[Round "3"]
[White "Gheorghiu, Calin"]
[Black "Sudakova, Irina"]
[Result "0-1"]
[WhiteTitle "FM"]
[BlackTitle "WGM"]
[WhiteElo "2283"]
[BlackElo "2288"]
[WhiteFideId "1200305"]
[BlackFideId "4129903"]
[EventDate "2020.05.26"]

1. e4 c5 2. Nf3 d6 3. d4 Nf6 4. Nc3 cxd4 5. Nxd4 Nc6 6. f3 e5 7. Nb3 Be7 8. Be3
O-O 9. Qd2 a5 10. Bb5 Na7 11. Ba4 b5 12. Nxb5 Nxb5 13. Bxb5 d5 14. O-O a4 15.
Na5 Qxa5 16. Bc6 Qxd2 17. Bxd2 Rb8 18. exd5 Rxb2 19. Bxa4 Bc5+ 20. Kh1 Nxd5 21.
Bb3 Ne3 22. Rfd1 Nxd1 23. Rxd1 Rd8 0-1

[Event "Euro Online U2300 Day 2"]
[Site "chess.com INT"]
[Date "2020.05.26"]
[Round "3"]
[White "Grigoryan, Aram"]
[Black "Megalios, Konstantinos"]
[Result "0-1"]
[BlackTitle "IM"]
[WhiteElo "1996"]
[BlackElo "2401"]
[WhiteFideId "13310542"]
[BlackFideId "4238044"]
[EventDate "2020.05.26"]

1. d4 Nf6 2. c4 e6 3. Nc3 Bb4 4. e3 O-O 5. Bd3 d5 6. Ne2 c5 7. cxd5 cxd4 8. exd4
Nxd5 9. O-O Nc6 10. a3 Be7 11. Ng3 Bf6 12. Nce4 b6 13. Qh5 g6 14. Nxf6+ Qxf6 15.
Qg4 Qxd4 16. Qf3 Ne5 17. Qe2 Nxd3 18. Rd1 Nxc1 19. Raxc1 Qf6 20. Ne4 Qe7 21. g4
Bb7 22. g5 Nf4 23. Nf6+ Qxf6 0-1

[Event "Euro Online U2300 Day 2"]
[Site "chess.com INT"]
[Date "2020.05.26"]
[Round "3"]
[White "Skuhala, Jernej"]
[Black "Lund, Terje"]
[Result "0-1"]
[WhiteTitle "FM"]
[WhiteElo "2342"]
[BlackElo "2104"]
[WhiteFideId "14605651"]
[BlackFideId "1504754"]
[EventDate "2020.05.26"]

1. e4 c6 2. d4 d5 3. Nc3 dxe4 4. Nxe4 Nf6 5. Nxf6+ exf6 6. Bf4 Bd6 7. Bxd6 Qxd6
8. Nf3 O-O 9. Be2 Re8 10. O-O Nd7 11. c3 Nf8 12. Bd3 Bg4 13. h3 Bh5 14. g4 Bg6
15. Re1 Rxe1+ 16. Nxe1 Re8 17. Ng2 Bxd3 18. Qxd3 Ng6 19. Re1 Rxe1+ 20. Nxe1 Qe6
21. Qb1 Nf4 22. Nd3 Nxh3+ 23. Kh2 Qxg4 24. Qe1 g6 25. f4 Nxf4 0-1

[Event "Euro Online U2300 Day 2"]
[Site "chess.com INT"]
[Date "2020.05.26"]
[Round "3"]
[White "Tsybulkin, Ivan"]
[Black "Podetti, Davide"]
[Result "0-1"]
[WhiteElo "1814"]
[BlackElo "2173"]
[WhiteFideId "34165140"]
[BlackFideId "893617"]
[EventDate "2020.05.26"]

1. d4 Nf6 2. Bf4 e6 3. e3 d5 4. Nf3 c5 5. c3 Bd6 6. Ne5 c4 7. Nd2 Qc7 8. Ndf3
O-O 9. Bg3 Nbd7 10. Nxd7 Bxd7 11. Bxd6 Qxd6 12. Be2 b5 13. O-O Bc6 14. b3 Nd7
15. a4 a6 16. Qc2 cxb3 17. Qxb3 bxa4 18. Qa3 Qc7 19. Rfb1 Rfb8 20. Rb2 Rxb2 21.
Qxb2 Rb8 22. Qc2 Bb5 23. Bd3 g6 24. Nd2 Rc8 25. Rc1 Nb6 26. e4 Bxd3 27. Qxd3 Nc4
28. exd5 Nxd2 29. Qxd2 exd5 30. Qa2 Qc4 31. Qa3 Qb3 32. Qe7 a3 0-1

[Event "Euro Online U2300 Day 2"]
[Site "chess.com INT"]
[Date "2020.05.26"]
[Round "3"]
[White "Peycheva, Gergana"]
[Black "Samaridis, Konstantinos"]
[Result "1/2-1/2"]
[WhiteTitle "FM"]
[WhiteElo "2255"]
[BlackElo "2105"]
[WhiteFideId "2916711"]
[BlackFideId "4262867"]
[EventDate "2020.05.26"]

1. d4 Nf6 2. c4 e6 3. Nc3 Bb4 4. e3 O-O 5. Ne2 c6 6. a3 Ba5 7. b4 Bc7 8. Ng3 d5
9. Bd3 dxc4 10. Bxc4 Nbd7 11. O-O e5 12. Bb2 Nb6 13. Bb3 exd4 14. exd4 Nbd5 15.
Bc2 Nxc3 16. Bxc3 Nd5 17. Bd2 Qf6 18. Be3 Bxg3 19. hxg3 Nxe3 20. fxe3 Qg5 21.
Qd3 g6 22. e4 Be6 23. Rad1 Rad8 24. Qc3 Rd7 25. Rd2 Rfd8 26. Rfd1 Bg4 27. Rf1
Be6 28. Rfd1 Bg4 29. Rf1 Be6 1/2-1/2

[Event "Euro Online U2300 Day 2"]
[Site "chess.com INT"]
[Date "2020.05.26"]
[Round "3"]
[White "Ruperez Benito, Antonio"]
[Black "Radosevic, Nenad"]
[Result "1-0"]
[WhiteTitle "FM"]
[WhiteElo "2356"]
[BlackElo "2157"]
[WhiteFideId "22245049"]
[BlackFideId "906395"]
[EventDate "2020.05.26"]

1. e4 e6 2. b3 c5 3. Nf3 Nc6 4. Bb2 d6 5. d4 cxd4 6. Nxd4 Nf6 7. Nxc6 bxc6 8. e5
dxe5 9. Qxd8+ Kxd8 10. Bxe5 Bb4+ 11. c3 Ba5 12. Nd2 Bc7 13. Nc4 Bxe5 14. Nxe5
Bd7 15. Nxf7+ Ke7 16. Nxh8 Rxh8 17. Be2 Nd5 18. Rc1 c5 19. Bf3 Rf8 20. O-O Nf4
21. Rcd1 Rf6 22. Rfe1 Nh3+ 23. Kf1 Ng5 24. Bd5 Nf7 25. Re3 g5 26. Bf3 Nh6 27. h3
Nf5 28. Re5 Be8 29. Rxc5 h5 30. Rc7+ Kf8 31. Rd8 g4 32. hxg4 hxg4 33. Bc6 Ng7
34. Bxe8 Nxe8 35. Rcc8 1-0

[Event "Euro Online U2300 Day 2"]
[Site "chess.com INT"]
[Date "2020.05.26"]
[Round "3"]
[White "Jakubowska, Anna"]
[Black "Doric, Nenad"]
[Result "0-1"]
[WhiteTitle "WIM"]
[BlackTitle "IM"]
[WhiteElo "2073"]
[BlackElo "2249"]
[WhiteFideId "1121952"]
[BlackFideId "14501694"]
[EventDate "2020.05.26"]

1. e4 e5 2. Nc3 Nf6 3. g3 d5 4. exd5 Nxd5 5. Bg2 Nxc3 6. bxc3 Nc6 7. Rb1 Bc5 8.
Ne2 O-O 9. O-O Bb6 10. Kh1 Be6 11. d3 Bxa2 12. Ra1 Bd5 13. f3 Qd7 14. c4 Be6 15.
f4 Bh3 16. Bb2 Bxg2+ 17. Kxg2 Rae8 18. fxe5 Nxe5 19. Nf4 Ng4 20. Re1 Ne3+ 21.
Rxe3 Bxe3 22. Nh5 Bd4 23. Bxd4 Qxd4 24. Ra5 Re5 25. Rxe5 Qxe5 26. Qg4 Re8 27.
Nf4 a5 28. h4 0-1

[Event "Euro Online U2300 Day 2"]
[Site "chess.com INT"]
[Date "2020.05.26"]
[Round "3"]
[White "Hristodoulou, Panagiotis"]
[Black "Levin, Guy"]
[Result "0-1"]
[WhiteTitle "FM"]
[WhiteElo "2302"]
[BlackElo "2213"]
[WhiteFideId "4214340"]
[BlackFideId "2824213"]
[EventDate "2020.05.26"]

1. e4 c5 2. Nc3 d6 3. g3 Nc6 4. Bg2 g6 5. d3 Bg7 6. Be3 Rb8 7. Qd2 b5 8. Nge2 b4
9. Nd1 a5 10. O-O Bd7 11. h3 e6 12. f4 Nge7 13. f5 exf5 14. Bh6 O-O 15. Bxg7
Kxg7 16. exf5 Nxf5 17. Rxf5 gxf5 18. Ne3 Qg5 19. Nf4 Kh8 20. Kh2 Rg8 21. Qf2 Nd4
22. Rf1 Rbe8 23. c3 bxc3 24. bxc3 Ne2 25. Nxe2 Qxe3 26. Nf4 Qxf2 27. Rxf2 Re3
28. Bf3 c4 29. dxc4 Rxc3 30. Kg2 Rxc4 31. Rd2 Rxf4 0-1

[Event "Euro Online U2300 Day 2"]
[Site "chess.com INT"]
[Date "2020.05.26"]
[Round "3"]
[White "Shapkin, Anatoliy"]
[Black "Petriashvili, Nikoloz"]
[Result "1/2-1/2"]
[BlackTitle "IM"]
[WhiteElo "2283"]
[BlackElo "2423"]
[WhiteFideId "34108332"]
[BlackFideId "13611216"]
[EventDate "2020.05.26"]

1. d4 Nf6 2. c4 g6 3. Nc3 d5 4. Nf3 Bg7 5. cxd5 Nxd5 6. e4 Nxc3 7. bxc3 c5 8.
Be3 Qa5 9. Qd2 O-O 10. Rc1 Rd8 11. d5 e6 12. Be2 exd5 13. exd5 Bg4 14. O-O Nd7
15. Rfd1 Nf6 16. c4 Qxd2 17. Rxd2 Ne4 18. Rdc2 b6 19. h3 Bd7 20. Bd3 Re8 21. Bf4
Ba4 22. Re2 Nc3 23. Rxe8+ Rxe8 24. a3 Bd1 25. Kf1 Ba4 1/2-1/2

[Event "Euro Online U2300 Day 2"]
[Site "chess.com INT"]
[Date "2020.05.26"]
[Round "3"]
[White "Guliev, Sarhan"]
[Black "Svicevic, Rastko"]
[Result "0-1"]
[WhiteTitle "GM"]
[BlackTitle "FM"]
[WhiteElo "2308"]
[BlackElo "2215"]
[WhiteFideId "13400231"]
[BlackFideId "916315"]
[EventDate "2020.05.26"]

1. e4 c5 2. Nf3 Nc6 3. d4 cxd4 4. Nxd4 e5 5. Nb5 d6 6. c4 Be7 7. Be2 f5 8. exf5
Bxf5 9. Bg4 Bxg4 10. Qxg4 Nf6 11. Qe6 Qd7 12. Qxd7+ Kxd7 13. N1c3 a6 14. Na3 Nd4
15. Be3 d5 16. Nxd5 Nxd5 17. cxd5 Bxa3 18. Bxd4 exd4 19. bxa3 Rae8+ 20. Kd2 Rhf8
21. f3 Re3 22. Rab1 b5 23. Rb3 Rfe8 24. Rxe3 Rxe3 25. a4 b4 26. Rb1 a5 27. Rb3
Rc3 28. Rb1 Kd6 29. Re1 Kxd5 30. Re7 Ra3 31. Rxg7 Rxa2+ 32. Kd3 Ra3+ 33. Kd2 Kc4
34. Rc7+ Kb3 35. g4 Kxa4 36. Rxh7 b3 37. g5 b2 38. Kc2 Rb3 39. Kb1 Ka3 40. g6
Rc3 0-1

[Event "Euro Online U2300 Day 2"]
[Site "chess.com INT"]
[Date "2020.05.26"]
[Round "3"]
[White "Jaroch, Pawel"]
[Black "Manukyan, Artyom"]
[Result "0-1"]
[WhiteElo "2199"]
[BlackElo "2148"]
[WhiteFideId "1124366"]
[BlackFideId "13305786"]
[EventDate "2020.05.26"]

1. d4 d5 2. c4 e6 3. g3 Nf6 4. Bg2 Be7 5. Nf3 O-O 6. O-O dxc4 7. Ne5 Nc6 8. Nxc6
bxc6 9. Bxc6 Rb8 10. Nc3 Bb7 11. Bb5 c5 12. dxc5 Qc7 13. c6 Bxc6 14. Bf4 e5 15.
Bxc6 exf4 16. Nd5 Nxd5 17. Qxd5 Rfc8 18. Bd7 Rd8 19. Rfd1 Rb7 0-1

[Event "Euro Online U2300 Day 2"]
[Site "chess.com INT"]
[Date "2020.05.26"]
[Round "3"]
[White "Maximov, Oleg"]
[Black "Simet, Martin"]
[Result "1-0"]
[BlackTitle "FM"]
[WhiteElo "2219"]
[BlackElo "2194"]
[WhiteFideId "4176960"]
[BlackFideId "377244"]
[EventDate "2020.05.26"]

1. e4 c5 2. Nf3 Nc6 3. d3 g6 4. g3 Bg7 5. Bg2 d6 6. O-O h5 7. h3 Nf6 8. c3 Bd7
9. Bg5 Qc8 10. Kh2 Ng4+ 11. Kg1 Nge5 12. Nxe5 dxe5 13. Kh2 Bf6 14. Bxf6 exf6 15.
Qf3 Ke7 16. Nd2 g5 17. Qe3 b6 18. f4 h4 19. fxg5 hxg3+ 20. Qxg3 Qg8 21. Rxf6 Nd8
22. Qxe5+ Ne6 23. Nc4 Rh5 24. Qd6+ Ke8 25. Ne5 Rd8 26. g6 fxg6 27. Rxg6 Qh7 28.
Rxe6+ Bxe6 29. Qxe6+ Kf8 30. Rf1+ Qf7 1-0

[Event "Euro Online U2300 Day 2"]
[Site "chess.com INT"]
[Date "2020.05.26"]
[Round "3"]
[White "Yordanov, Lachezar"]
[Black "Marn, Jan"]
[Result "1-0"]
[WhiteTitle "FM"]
[BlackTitle "FM"]
[WhiteElo "2307"]
[BlackElo "2360"]
[WhiteFideId "2918927"]
[BlackFideId "14619245"]
[EventDate "2020.05.26"]

1. d4 d5 2. c4 e6 3. Nc3 c6 4. cxd5 exd5 5. Qc2 Bd6 6. Nf3 Ne7 7. Bg5 f6 8. Bh4
Bf5 9. Qb3 Qd7 10. e3 O-O 11. Be2 a5 12. Bg3 b5 13. a4 b4 14. Na2 Na6 15. Nc1
Bg6 16. Nd3 Nf5 17. Rc1 Nxg3 18. hxg3 Rac8 19. Nf4 Nc7 20. Nxg6 hxg6 21. Qc2 Qf7
22. Qxc6 Ne6 23. Qxc8 Rxc8 24. Rxc8+ Bf8 25. O-O Qd7 26. Rfc1 Qxa4 27. Rb8 Kf7
28. Rb7+ Be7 29. Bb5 Qb3 30. Rc8 f5 31. Ne5+ Kf6 32. Re8 Bd6 33. Rf7+ Kg5 34.
Nf3+ Kg4 35. Rxe6 g5 36. Rxg7 Qd1+ 37. Bf1 1-0

[Event "Euro Online U2300 Day 2"]
[Site "chess.com INT"]
[Date "2020.05.26"]
[Round "3"]
[White "Curtacci, Sergio"]
[Black "Vanek, Tomas"]
[Result "1-0"]
[BlackTitle "FM"]
[WhiteElo "2038"]
[BlackElo "2080"]
[WhiteFideId "858048"]
[BlackFideId "313459"]
[EventDate "2020.05.26"]

1. d4 f5 2. Nf3 Nf6 3. e3 g6 4. Nbd2 Bg7 5. Bd3 O-O 6. O-O d5 7. c3 c6 8. b3 Ne4
9. Bb2 Nd7 10. Qc2 e5 11. dxe5 Qe7 12. c4 Nxe5 13. Nxe5 Bxe5 14. cxd5 cxd5 15.
Bxe5 Qxe5 16. f3 Nc3 17. Rae1 Bd7 18. Nb1 Rac8 19. Nxc3 Rxc3 20. Qd2 Rfc8 21.
Re2 d4 22. Bc4+ R8xc4 23. bxc4 Rxe3 24. Rxe3 dxe3 25. Qxd7 e2 26. Re1 Qe3+ 27.
Kh1 b6 28. Qd5+ Kg7 29. g3 a5 30. Kg2 a4 31. Qd7+ Kh6 32. Qxa4 Qd2 33. Kf2 Qd4+
34. Kxe2 f4 35. Qb3 Qe5+ 36. Kf2 Qd4+ 37. Kf1 Qd2 38. Re2 Qc1+ 39. Kf2 Qh1 40.
gxf4 Qxh2+ 41. Ke3 Qg1+ 42. Ke4 Kh5 43. Qb5+ Kh4 44. Qg5+ Qxg5 45. fxg5 1-0

[Event "Euro Online U2300 Day 2"]
[Site "chess.com INT"]
[Date "2020.05.26"]
[Round "3"]
[White "Timoshin, Andrei"]
[Black "Hadzimanolis, Antonios"]
[Result "1/2-1/2"]
[BlackTitle "FM"]
[WhiteElo "2132"]
[BlackElo "2214"]
[WhiteFideId "4503503"]
[BlackFideId "4202813"]
[EventDate "2020.05.26"]

1. e4 e5 2. Nf3 Nc6 3. Nc3 Nf6 4. d4 exd4 5. Nxd4 Bb4 6. Nxc6 bxc6 7. Bd3 d5 8.
exd5 cxd5 9. O-O O-O 10. h3 c6 11. Qf3 Re8 12. Bf4 Bd6 13. b3 Qc7 14. Bxd6 Qxd6
15. Ne2 Ne4 16. Rad1 Nc5 17. Nd4 Nxd3 18. Qxd3 a5 19. Rfe1 Bd7 20. c4 c5 21. Nf3
d4 22. Ng5 Qg6 23. Qxg6 hxg6 24. Ne4 Rac8 25. f3 a4 26. g4 f5 27. Nd6 Rxe1+ 28.
Rxe1 Rc6 29. Nb7 Rc7 30. Nd6 Rc6 31. Nb7 Rc7 32. Nd8 Rc8 33. Nb7 Rc7 1/2-1/2

[Event "Euro Online U2300 Day 2"]
[Site "chess.com INT"]
[Date "2020.05.26"]
[Round "3"]
[White "Altarbosh, Ward"]
[Black "Saveliev, Alexei"]
[Result "0-1"]
[WhiteTitle "FM"]
[BlackTitle "IM"]
[WhiteElo "2234"]
[BlackElo "2352"]
[WhiteFideId "7601450"]
[BlackFideId "24128546"]
[EventDate "2020.05.26"]

1. e4 d6 2. d4 Nf6 3. Nc3 e5 4. dxe5 dxe5 5. Bd3 Bd6 6. Nf3 O-O 7. Bg5 Be6 8.
Qd2 a6 9. h4 Nbd7 10. h5 h6 11. Bh4 Re8 12. O-O-O b5 13. Kb1 Nc5 14. Ne2 Rb8 15.
Ng3 b4 16. Rhe1 Na4 17. b3 Nc3+ 18. Kb2 c5 19. Ra1 c4 20. Bf1 Qa5 21. a4 bxa3+
22. Kc1 cxb3 23. cxb3 Rec8 24. Bc4 Bxc4 25. bxc4 Rxc4 26. Qd3 Qb4 27. Kd2 Qb2+
28. Ke3 Ng4# 0-1

[Event "Euro Online U2300 Day 2"]
[Site "chess.com INT"]
[Date "2020.05.26"]
[Round "3"]
[White "Ibrahimli, Murad"]
[Black "Ozenir, Ekin Baris"]
[Result "1-0"]
[WhiteTitle "IM"]
[BlackTitle "IM"]
[WhiteElo "2436"]
[BlackElo "2309"]
[WhiteFideId "13410229"]
[BlackFideId "6357415"]
[EventDate "2020.05.26"]

1. d4 Nf6 2. c4 e6 3. Nf3 b6 4. a3 Bb7 5. Nc3 d5 6. Bg5 Be7 7. Qa4+ Qd7 8. Qxd7+
Nbxd7 9. Nb5 Kd8 10. e3 a6 11. Nc3 Ne4 12. Bxe7+ Kxe7 13. cxd5 exd5 14. Rc1 Rac8
15. Bd3 c5 16. Nd2 Nxc3 17. bxc3 Rc7 18. Ke2 Rhc8 19. Rb1 g6 20. a4 f5 21. h3 c4
22. Bc2 Bc6 23. g4 Kf6 24. f4 b5 25. a5 Nf8 26. Nf3 Re7 27. Ne5 Nd7 28. h4 Nxe5
29. fxe5+ Kg7 30. gxf5 gxf5 31. Rhg1+ Kh8 32. Bxf5 Rf8 33. Bh3 Be8 34. Rbf1 Rg8
35. Rxg8+ Kxg8 36. Bg2 Rd7 37. Rf6 b4 38. cxb4 c3 39. Rc6 Rg7 40. Bxd5+ 1-0

[Event "Euro Online U2300 Day 2"]
[Site "chess.com INT"]
[Date "2020.05.26"]
[Round "3"]
[White "Thorsbro, Peter"]
[Black "Hasanagic, Alim"]
[Result "1-0"]
[BlackTitle "CM"]
[WhiteElo "2144"]
[BlackElo "2225"]
[WhiteFideId "1406671"]
[BlackFideId "14605198"]
[EventDate "2020.05.26"]

1. d4 d6 2. c4 f5 3. Nc3 Nf6 4. e4 fxe4 5. f3 exf3 6. Nxf3 g6 7. Bd3 Bg7 8. O-O
O-O 9. Qe1 e5 10. Bg5 Qd7 11. dxe5 dxe5 12. Rd1 Qe6 13. Qxe5 Qxe5 14. Nxe5 Nc6
15. Nxc6 bxc6 16. Ne4 Ng4 17. h3 Ne5 18. Rxf8+ Kxf8 19. Be2 Be6 20. b3 Nf7 21.
Bf4 Rc8 22. Ng5 Nxg5 23. Bxg5 h6 24. Bf4 g5 25. Bg3 Ke8 26. Bf3 Bd7 27. Bf2 a5
28. Bc5 Bf8 1-0

[Event "Euro Online U2300 Day 2"]
[Site "chess.com INT"]
[Date "2020.05.26"]
[Round "3"]
[White "Brilej, Jaka"]
[Black "Marchesich, Giovanni"]
[Result "1/2-1/2"]
[WhiteTitle "CM"]
[WhiteElo "2228"]
[BlackElo "2046"]
[WhiteFideId "14618818"]
[BlackFideId "2824790"]
[EventDate "2020.05.26"]

1. e4 e5 2. Nf3 Nc6 3. Bb5 a6 4. Ba4 d6 5. d4 b5 6. Bb3 Nxd4 7. Nxd4 exd4 8. Bd5
Rb8 9. Qxd4 Nf6 10. Bg5 Be7 11. Bc6+ Bd7 12. Bxd7+ Qxd7 13. h3 O-O 14. O-O c5
15. Qd3 Rfe8 16. Nd2 h6 17. Bf4 Rbd8 18. c4 bxc4 19. Nxc4 d5 20. exd5 Qxd5 21.
Qxd5 Nxd5 22. Bg3 Bf6 23. Rfe1 Nb4 24. Bd6 Rxe1+ 25. Rxe1 Nd3 1/2-1/2

[Event "Euro Online U2300 Day 2"]
[Site "chess.com INT"]
[Date "2020.05.26"]
[Round "3"]
[White "Rajkovic, Dusan"]
[Black "Tereladze, Sopiko"]
[Result "1-0"]
[WhiteTitle "GM"]
[BlackTitle "WIM"]
[WhiteElo "2267"]
[BlackElo "2141"]
[WhiteFideId "900265"]
[BlackFideId "13600486"]
[EventDate "2020.05.26"]

1. d4 Nf6 2. c4 e6 3. Nf3 d5 4. Nc3 Be7 5. Bg5 O-O 6. e3 h6 7. Bh4 b6 8. Rc1 Bb7
9. Bxf6 Bxf6 10. cxd5 exd5 11. b4 Nc6 12. b5 Ne7 13. Bd3 Re8 14. O-O Nc8 15. Qb3
Qd7 16. Rc2 Ne7 17. Rfc1 Rec8 18. a4 c5 19. bxc6 Bxc6 20. Ba6 Bb7 21. Bb5 Qe6
22. h3 g5 23. Be2 a6 24. Ne1 Bg7 25. Nd3 Rc7 26. Bf3 Rac8 27. a5 b5 28. Nc5 Qd6
29. Nxb7 Rxb7 30. Nxd5 Rxc2 31. Qxc2 Rd7 32. Nxe7+ Rxe7 33. Qc8+ Kh7 34. Rc6 Qd7
35. Be4+ 1-0

[Event "Euro Online U2300 Day 2"]
[Site "chess.com INT"]
[Date "2020.05.26"]
[Round "3"]
[White "Kalogeris, Ioannis"]
[Black "Papp, Petra"]
[Result "0-1"]
[WhiteTitle "FM"]
[BlackTitle "WGM"]
[WhiteElo "2312"]
[BlackElo "2338"]
[WhiteFideId "4239563"]
[BlackFideId "739049"]
[EventDate "2020.05.26"]

1. e4 c6 2. d4 d5 3. e5 c5 4. dxc5 e6 5. Nf3 Bxc5 6. a3 Ne7 7. Bd3 Ng6 8. O-O
O-O 9. b4 Bb6 10. h4 Nc6 11. Re1 Bc7 12. Bxg6 fxg6 13. Qd3 a6 14. Bb2 Ne7 15.
Nbd2 Nf5 16. g3 Bd7 17. c4 dxc4 18. Qxc4 Rc8 19. Qb3 Qe7 20. Rad1 Bc6 21. Ne4
Rcd8 22. Bc1 Bd5 23. Qc3 h6 24. Bf4 Bb6 25. Kg2 Bxe4 0-1

[Event "Euro Online U2300 Day 2"]
[Site "chess.com INT"]
[Date "2020.05.26"]
[Round "3"]
[White "Ponce Cano, Adrian"]
[Black "Gombocz, Ferenc Jr."]
[Result "0-1"]
[WhiteTitle "FM"]
[BlackTitle "FM"]
[WhiteElo "2169"]
[BlackElo "2209"]
[WhiteFideId "22296913"]
[BlackFideId "775029"]
[EventDate "2020.05.26"]

1. e4 e5 2. Nf3 Nc6 3. Nc3 Nf6 4. Bb5 Bd6 5. O-O O-O 6. h3 Ne7 7. d4 Ng6 8. Bg5
h6 9. dxe5 Bxe5 10. Nxe5 Nxe5 11. Bh4 Ng6 12. Bg3 d6 13. Qd4 Nh5 14. Bh2 Qg5 15.
Kh1 Ngf4 16. Rg1 Be6 17. Rae1 a6 18. Bc4 c5 19. Qxd6 Bxc4 20. h4 Qg4 21. f3 Qxh4
22. g3 Qh3 23. gxf4 Qxf3+ 24. Rg2 Bf1 25. Rxf1 Qxf1+ 26. Rg1 Qf3+ 27. Rg2 Kh7
28. Qxc5 Rad8 29. Kg1 g6 30. Rf2 Qg4+ 31. Rg2 Rd1+ 32. Nxd1 Qxd1+ 33. Kf2 Rd8
34. Rg1 Rd2+ 35. Ke3 Qe2# 0-1

[Event "Euro Online U2300 Day 2"]
[Site "chess.com INT"]
[Date "2020.05.26"]
[Round "3"]
[White "Haring, Viktor"]
[Black "Abdullayev, Azer"]
[Result "1-0"]
[WhiteTitle "FM"]
[WhiteElo "2298"]
[BlackElo "2039"]
[WhiteFideId "14919400"]
[BlackFideId "13403400"]
[EventDate "2020.05.26"]

1. e4 e5 2. Nf3 Nc6 3. Bb5 a6 4. Ba4 Nf6 5. O-O Be7 6. Re1 b5 7. Bb3 O-O 8. d4
d6 9. c3 Bg4 10. Be3 exd4 11. cxd4 Na5 12. Bc2 Nc4 13. Bc1 c5 14. b3 Nb6 15.
Nbd2 Rc8 16. Bb2 c4 17. bxc4 Nxc4 18. Nxc4 bxc4 19. Bc3 d5 20. e5 Nd7 21. Qd2
Bxf3 22. gxf3 f5 23. Kh1 Bg5 24. f4 Be7 25. Rab1 g6 26. Rb7 Rb8 27. Reb1 Rxb7
28. Rxb7 Qc8 29. Ra7 Rd8 30. e6 1-0